[Event "European Blitz 2016"]
[Site "Tallinn EST"]
[Date "2016.12.18"]
[Round "24.4"]
[White "Vitiugov, Nikita"]
[Black "Vallejo Pons, Francisco"]
[Result "1/2-1/2"]
[WhiteTitle "GM"]
[BlackTitle "GM"]
[WhiteElo "2726"]
[BlackElo "2711"]
[WhiteFideId "4152956"]
[BlackFideId "2205530"]
[EventDate "2016.12.17"]

1. d4 e6 2. Bf4 d5 3. e3 c5 4. c3 Nf6 5. Nd2 Bd6 6. Bb5+ Nc6 7. Bxc6+ bxc6 8.
Bxd6 Qxd6 9. Nb3 Nd7 10. Nxc5 Nxc5 11. dxc5 Qxc5 12. Qd4 Qf8 13. Nf3 f6 14. O-O
Qe7 15. e4 e5 16. Qd3 Be6 17. Qa6 Rc8 18. Nd2 O-O 19. Rfe1 Rfd8 20. h3 Bf7 21.
Nf1 Qc5 22. Ng3 Qb6 23. Qe2 a5 24. Nf5 Qc7 25. b3 Be6 26. Ng3 Qb6 27. Rac1 Rd7
28. Kh2 Rcd8 29. Rcd1 Qa7 30. Rd2 a4 31. Red1 axb3 32. axb3 d4 33. cxd4 Rxd4 34.
Rxd4 Rxd4 35. Rc1 Qb6 36. Qa2 Rd8 37. Rc3 h6 38. Qc2 Kh7 39. Rxc6 Qxb3 40. Qxb3
Bxb3 41. Rc7 Rf8 42. Nf5 Rf7 43. Rc8 Be6 1/2-1/2

[Event "European Blitz 2016"]
[Site "Tallinn EST"]
[Date "2016.12.18"]
[Round "24.5"]
[White "Ponomariov, Ruslan"]
[Black "Matlakov, Maxim"]
[Result "0-1"]
[WhiteTitle "GM"]
[BlackTitle "GM"]
[WhiteElo "2709"]
[BlackElo "2694"]
[WhiteFideId "14103320"]
[BlackFideId "4168003"]
[EventDate "2016.12.17"]

1. d4 Nf6 2. c4 e6 3. Nc3 c5 4. d5 exd5 5. cxd5 d6 6. Nf3 g6 7. h3 b5 8. Nxb5
Bg7 9. Nc3 O-O 10. e3 Bb7 11. Be2 Qe7 12. O-O Nbd7 13. Qd3 Rfe8 14. b3 Nxd5 15.
Bb2 N5f6 16. Rfd1 d5 17. Rac1 Rad8 18. Qb5 Ba8 19. Qa5 Nh5 20. Na4 d4 21. Nxc5
dxe3 22. Bxg7 exf2+ 23. Kxf2 Qxe2+ 24. Kg1 Bxf3 25. gxf3 Nf4 26. Rd2 Qe3+ 27.
Kh2 Nxc5 0-1

[Event "European Blitz 2016"]
[Site "Tallinn EST"]
[Date "2016.12.18"]
[Round "24.6"]
[White "Wojtaszek, Radoslaw"]
[Black "Leko, Peter"]
[Result "1/2-1/2"]
[WhiteTitle "GM"]
[BlackTitle "GM"]
[WhiteElo "2749"]
[BlackElo "2693"]
[WhiteFideId "1118358"]
[BlackFideId "703303"]
[EventDate "2016.12.17"]

1. Nf3 c5 2. c3 Nf6 3. d4 e6 4. Bf4 b6 5. e3 Be7 6. h3 O-O 7. Nbd2 cxd4 8. exd4
Ba6 9. Bxa6 Nxa6 10. a4 Qc8 11. O-O Nc7 12. Re1 Ncd5 13. Bh2 a6 14. Qe2 Qb7 15.
Nc4 h6 16. Qd3 b5 17. axb5 axb5 18. Nd6 Bxd6 19. Bxd6 Rfc8 20. Nd2 Ra6 21. Be5
d6 22. Bh2 Rca8 23. Rxa6 Qxa6 24. b3 Rc8 25. c4 bxc4 26. bxc4 Nb6 27. Bxd6 Nxc4
28. Bc5 Qa5 29. Nf3 Nb6 30. Bxb6 Qxb6 31. Rb1 Qd6 32. g3 Rd8 33. Qb5 Qd5 34.
Qxd5 Nxd5 35. Rb7 f6 36. h4 h5 37. Kf1 Kf8 38. Ke2 Ra8 39. Nd2 Ra2 40. Kd3 Ra3+
41. Rb3 1/2-1/2

[Event "European Blitz 2016"]
[Site "Tallinn EST"]
[Date "2016.12.18"]
[Round "24.7"]
[White "Saric, Ivan"]
[Black "Riazantsev, Alexander"]
[Result "1-0"]
[WhiteTitle "GM"]
[BlackTitle "GM"]
[WhiteElo "2652"]
[BlackElo "2671"]
[WhiteFideId "14508150"]
[BlackFideId "4125029"]
[EventDate "2016.12.17"]

1. e4 c6 2. d4 d5 3. Nc3 dxe4 4. Nxe4 Bf5 5. Ng3 Bg6 6. h4 h6 7. Nf3 Nd7 8. h5
Bh7 9. Bd3 Bxd3 10. Qxd3 e6 11. Bd2 Bd6 12. Ne4 Bc7 13. O-O-O Ngf6 14. Nxf6+
Nxf6 15. Qb3 b5 16. Ne5 Qd5 17. Bb4 a5 18. Bc5 Bxe5 19. dxe5 Qxc5 20. exf6 Qg5+
21. Kb1 Qxf6 22. f3 O-O 23. Rd6 a4 24. Qc3 Qxc3 25. bxc3 Rac8 26. Rhd1 Kh7 27.
Rd7 g6 28. R1d6 Rce8 29. hxg6+ Kxg6 30. Rxc6 Rc8 31. Rb6 Rc5 32. Rbb7 h5 33. Kb2
Rg5 34. Rd2 Rc8 35. Rdd7 Rf8 36. Rd2 Kf6 37. Ka3 Rc8 38. Rdd7 Rf8 39. Rd2 Rfg8
40. g4 hxg4 41. fxg4 Kg6 42. Rd4 Rc8 43. Kb4 Rcc5 44. Rf4 f6 45. Rb6 e5 46.
Rfxf6+ 1-0

[Event "European Blitz 2016"]
[Site "Tallinn EST"]
[Date "2016.12.18"]
[Round "24.8"]
[White "Plat, Vojtech"]
[Black "Navara, David"]
[Result "0-1"]
[WhiteTitle "IM"]
[BlackTitle "GM"]
[WhiteElo "2532"]
[BlackElo "2725"]
[WhiteFideId "325740"]
[BlackFideId "309095"]
[EventDate "2016.12.17"]

1. e4 c6 2. d4 d5 3. Nd2 dxe4 4. Nxe4 Bf5 5. Ng3 Bg6 6. h4 h6 7. Nf3 e6 8. h5
Bh7 9. Bd3 Bxd3 10. Qxd3 Nf6 11. Bd2 c5 12. O-O-O Nc6 13. Bc3 Nb4 14. Qb5+ Qd7
15. Qxd7+ Nxd7 16. Kb1 Nd5 17. Bd2 cxd4 18. Nxd4 Bc5 19. Bc1 N7f6 20. f3 O-O-O
21. Nge2 Rd7 22. g4 Rhd8 23. Nb3 Be3 24. Rd3 Bxc1 25. Kxc1 e5 26. Rhd1 e4 27.
fxe4 Nxe4 28. Rd4 Ne3 29. Rg1 Nf6 30. g5 Nxh5 31. gxh6 gxh6 32. Rh1 Nf4 33. Nxf4
Rxd4 34. Nxd4 Rxd4 35. Nd3 Ng4 36. b3 Kd7 37. Kd2 f5 38. Kc3 Rd6 39. Rf1 Rc6+
40. Kd2 Rxc2+ 41. Ke1 Ke6 42. Nf4+ Kf6 0-1

[Event "European Blitz 2016"]
[Site "Tallinn EST"]
[Date "2016.12.18"]
[Round "24.9"]
[White "Naiditsch, Arkadij"]
[Black "Jovanovic, Zoran"]
[Result "0-1"]
[WhiteTitle "GM"]
[BlackTitle "GM"]
[WhiteElo "2687"]
[BlackElo "2534"]
[WhiteFideId "4650891"]
[BlackFideId "14505320"]
[EventDate "2016.12.17"]

1. e4 d5 2. exd5 Qxd5 3. Nc3 Qd6 4. d4 Nf6 5. Nf3 c6 6. Be2 Bg4 7. O-O Nbd7 8.
h3 Bh5 9. Be3 e6 10. Ng5 Bxe2 11. Qxe2 Be7 12. Nce4 Nxe4 13. Nxe4 Qc7 14. c4 O-O
15. Rac1 Nf6 16. Nxf6+ Bxf6 17. d5 Rfe8 18. dxc6 Qxc6 19. b4 a6 20. Rfd1 Red8
21. Qf3 Qxf3 22. gxf3 Kf8 23. Bb6 Rxd1+ 24. Rxd1 Ke8 25. a4 Bd8 26. Bxd8 Rxd8
27. Rxd8+ Kxd8 28. f4 a5 29. b5 b6 30. Kf1 Kc7 31. c5 bxc5 32. Ke2 Kd6 33. Ke3
Kd5 34. Kd3 c4+ 35. Kc3 Kc5 36. h4 f6 37. f3 g6 38. Kd2 e5 39. fxe5 fxe5 40. Ke3
h6 41. Ke4 g5 42. hxg5 hxg5 43. Ke3 Kd5 44. Kd2 Kd6 45. Ke2 Kc7 46. Ke3 Kb7 47.
Kd2 Kc8 48. Kc3 e4 49. fxe4 g4 50. e5 g3 51. e6 g2 52. e7 Kd7 53. Kd4 0-1

[Event "European Blitz 2016"]
[Site "Tallinn EST"]
[Date "2016.12.18"]
[Round "24.10"]
[White "Bartel, Mateusz"]
[Black "Dzhumagaliev, Yan"]
[Result "1-0"]
[WhiteTitle "GM"]
[BlackTitle "FM"]
[WhiteElo "2641"]
[BlackElo "2400"]
[WhiteFideId "1112635"]
[BlackFideId "24100110"]
[EventDate "2016.12.17"]

1. e4 c5 2. Nf3 Nc6 3. Bb5 e6 4. O-O Nge7 5. c3 a6 6. Ba4 b5 7. Bc2 d6 8. d4
cxd4 9. cxd4 Nb4 10. Bb3 d5 11. e5 Nf5 12. Nc3 Be7 13. a3 Nc6 14. Bc2 b4 15. Ne2
a5 16. Bd3 Ba6 17. Bxa6 Rxa6 18. Qd3 Rb6 19. a4 O-O 20. b3 f6 21. Bf4 g5 22.
exf6 Bxf6 23. Be3 g4 24. Nd2 Nce7 25. Rac1 Ng6 26. Ng3 Nxg3 27. hxg3 Qd7 28. Rc5
Rc6 29. Qb5 Rfc8 30. Rxc6 Qxc6 31. Qxa5 Be7 32. Re1 Ra8 33. Qb5 Qxb5 34. axb5
Rb8 35. f3 h5 36. Bf4 Nxf4 37. gxf4 Kf7 38. fxg4 hxg4 39. Nf1 Rxb5 40. Ne3 g3
41. Nf1 Bf6 42. Rd1 Ra5 43. Nxg3 Ra3 44. Rd3 Ra1+ 45. Kf2 Rc1 46. Kf3 Rc3 47.
Rxc3 bxc3 48. Ne2 c2 49. Ke3 Kg6 50. g4 1-0

[Event "European Blitz 2016"]
[Site "Tallinn EST"]
[Date "2016.12.18"]
[Round "24.11"]
[White "Kazakovskiy, Valeriy"]
[Black "Anton Guijarro, David"]
[Result "0-1"]
[WhiteTitle "IM"]
[BlackTitle "GM"]
[WhiteElo "2430"]
[BlackElo "2650"]
[WhiteFideId "13507443"]
[BlackFideId "2285525"]
[EventDate "2016.12.17"]

1. d4 Nf6 2. Nf3 e6 3. c4 b6 4. g3 Bb7 5. Bg2 Be7 6. O-O O-O 7. Re1 d5 8. cxd5
exd5 9. Nc3 Nc6 10. Bf4 Ne4 11. h4 Nxc3 12. bxc3 Na5 13. Qc2 h6 14. Bh3 Re8 15.
Ne5 Bf6 16. h5 Bc8 17. Bg2 Bb7 18. e3 c5 19. Bh3 Nc6 20. Nd7 Bg5 21. Ne5 Nxe5
22. Bxe5 Bf6 23. Bf4 c4 24. f3 b5 25. e4 Bg5 26. e5 Bxf4 27. gxf4 Qh4 28. Qh2
Qxh5 29. Bd7 Qxf3 30. Bxe8 Rxe8 31. Rf1 Qxc3 32. Rad1 Qe3+ 33. Kh1 Qe4+ 34. Kg1
Bc8 35. Qg3 Qf5 36. Rc1 Re6 37. Kf2 Rg6 38. Qf3 Be6 39. Ke3 Qd3+ 40. Kf2 Qd2+ 0-1

[Event "European Blitz 2016"]
[Site "Tallinn EST"]
[Date "2016.12.18"]
[Round "24.12"]
[White "Neiksans, Arturs"]
[Black "Bortnyk, Olexandr"]
[Result "0-1"]
[WhiteTitle "GM"]
[BlackTitle "GM"]
[WhiteElo "2631"]
[BlackElo "2581"]
[WhiteFideId "11601388"]
[BlackFideId "14120828"]
[EventDate "2016.12.17"]

1. d4 d6 2. e4 Nf6 3. Nc3 Nbd7 4. f4 e5 5. Nf3 exd4 6. Qxd4 c6 7. Be3 d5 8.
O-O-O Bc5 9. Qd2 O-O 10. e5 Bxe3 11. Qxe3 Ng4 12. Qe1 Qb6 13. Nd4 Nc5 14. h3 Nh6
15. g4 Ne6 16. Qd2 Rd8 17. Nb3 a5 18. f5 a4 19. Nd4 a3 20. Nb3 Nc5 21. Qg5 d4
22. bxa3 Nxb3+ 23. axb3 Bxf5 24. gxf5 Qc5 25. Nb1 Qxe5 26. Bd3 f6 27. Qg1 b5 28.
Re1 Qf4+ 29. Kb2 Nf7 30. Qg4 Qh6 31. Re7 Ne5 32. Qg3 Kh8 33. Rg1 Rg8 34. Re1 c5
35. Re4 c4 36. Rh4 c3+ 37. Nxc3 dxc3+ 38. Kxc3 Qc1 39. Rc7 Rac8 40. Rxc8 Rxc8+
41. Kb4 Qd2+ 42. Kxb5 Rb8+ 43. Ka6 Qc3 44. Rb4 Qc6+ 0-1

[Event "European Blitz 2016"]
[Site "Tallinn EST"]
[Date "2016.12.18"]
[Round "24.13"]
[White "Motylev, Alexander"]
[Black "Andriasian, Zaven"]
[Result "0-1"]
[WhiteTitle "GM"]
[BlackTitle "GM"]
[WhiteElo "2663"]
[BlackElo "2621"]
[WhiteFideId "4121830"]
[BlackFideId "13302000"]
[EventDate "2016.12.17"]

1. e4 d6 2. d4 g6 3. Nc3 Bg7 4. Bg5 Nf6 5. Qd2 c6 6. O-O-O b5 7. Bd3 Nbd7 8. f4
b4 9. Nce2 Qa5 10. Kb1 O-O 11. Nf3 Rb8 12. h4 d5 13. e5 Ne4 14. Qe3 Nc3+ 15.
bxc3 bxc3+ 16. Ka1 Rb2 17. Bc4 dxc4 18. Nxc3 Rxc2 19. Rc1 Rxc1+ 20. Qxc1 f6 21.
h5 fxg5 22. Nxg5 Nb6 23. hxg6 hxg6 24. Nce4 Bf5 25. Rh8+ Bxh8 26. Qh1 Rf7 27.
Nxf7 Kxf7 28. Ng5+ Ke8 29. Qxh8+ Kd7 30. e6+ Kc7 0-1

[Event "European Blitz 2016"]
[Site "Tallinn EST"]
[Date "2016.12.18"]
[Round "24.14"]
[White "Alekseev, Evgeny"]
[Black "Chigaev, Maksim"]
[Result "1-0"]
[WhiteTitle "GM"]
[BlackTitle "GM"]
[WhiteElo "2632"]
[BlackElo "2531"]
[WhiteFideId "4138147"]
[BlackFideId "4108116"]
[EventDate "2016.12.17"]

1. Nf3 g6 2. d4 Bg7 3. e4 a6 4. Bd3 d6 5. O-O e6 6. c3 h6 7. Re1 b6 8. Nbd2 Bb7
9. Nf1 Nd7 10. Ng3 Ne7 11. h3 Qb8 12. Be3 Qa7 13. a4 Rd8 14. a5 b5 15. d5 Qa8
16. dxe6 fxe6 17. Nd4 Nc5 18. Bc2 e5 19. Nb3 Ne6 20. Nd2 c5 21. h4 h5 22. Nf3
O-O 23. Ng5 Qc8 24. f3 Kh8 25. Qd2 Nf4 26. Red1 c4 27. Ne2 d5 28. Nxf4 exf4 29.
Bb6 Rd6 30. Bd4 Kg8 31. Bxg7 Kxg7 32. e5 Rdd8 33. Kh2 d4 34. cxd4 Nd5 35. Be4
Kg8 36. Bxg6 Ne3 37. Re1 Qd7 38. e6 Qxd4 39. Qxd4 Rxd4 40. e7 Rb8 41. Re2 Bc6
42. Rae1 Rd6 43. Bxh5 Rh6 44. Bf7+ Kg7 45. g3 fxg3+ 46. Kxg3 Nf5+ 47. Kf4 Nxh4
48. e8=Q Bxe8 49. Bxe8 Rf6+ 50. Kg4 Nf5 51. Re6 Nh6+ 52. Kh5 Nf5 53. Rxf6 Kxf6
54. Kg4 Nd4 55. Bd7 Rg8 56. f4 Rd8 57. Be8 b4 58. Ba4 Rd5 59. Ne4+ Kg7 60. Rd1
Nf5 61. Rxd5 Ne3+ 62. Kf3 Nxd5 63. Nc5 b3 64. Nxa6 c3 65. Bxb3 cxb2 66. Bc2 Nc3
67. Nc5 Nb5 68. Kf2 Na3 69. Bd3 Nc4 70. a6 Kf6 71. a7 Nb6 72. Kf3 Ke7 73. Na4
Na8 74. Nxb2 Kd6 75. Be4 Nc7 76. a8=Q Nxa8 77. Bxa8 1-0

[Event "European Blitz 2016"]
[Site "Tallinn EST"]
[Date "2016.12.18"]
[Round "24.15"]
[White "Zelbel, Patrick"]
[Black "Kozul, Zdenko"]
[Result "0-1"]
[WhiteTitle "IM"]
[BlackTitle "GM"]
[WhiteElo "2448"]
[BlackElo "2613"]
[WhiteFideId "24624322"]
[BlackFideId "14502879"]
[EventDate "2016.12.17"]

1. e4 c5 2. c3 Nf6 3. e5 Nd5 4. Nf3 e6 5. d4 cxd4 6. cxd4 d6 7. Bc4 Be7 8. O-O
O-O 9. Bd2 a6 10. Nc3 dxe5 11. dxe5 Nxc3 12. Bxc3 b5 13. Bd3 Bb7 14. a3 Nd7 15.
Qe2 Qb8 16. Bxh7+ Kxh7 17. Qd3+ Kg8 18. Qxd7 Bc5 19. Ng5 Bd5 20. Rad1 Ra7 21.
Rxd5 Rxd7 22. Rxd7 Qc8 23. Rfd1 Bxa3 24. R1d3 b4 25. Bd2 Bxb2 26. Nxf7 Bc3 27.
Bg5 Qc4 28. Nd8 b3 29. Bh6 Bxe5 30. Bxg7 Bxg7 31. Rg3 Qc1+ 0-1

[Event "European Blitz 2016"]
[Site "Tallinn EST"]
[Date "2016.12.18"]
[Round "24.16"]
[White "Cvitan, Ognjen"]
[Black "Zubritskiy, Artyom"]
[Result "1-0"]
[WhiteTitle "GM"]
[BlackTitle "IM"]
[WhiteElo "2491"]
[BlackElo "2442"]
[WhiteFideId "14500086"]
[BlackFideId "4181247"]
[EventDate "2016.12.17"]

1. d4 d5 2. c4 dxc4 3. e3 Nf6 4. Bxc4 e6 5. Nf3 c5 6. O-O Qc7 7. Qe2 a6 8. a4
Nc6 9. Nc3 Bd6 10. b3 O-O 11. Bb2 b6 12. d5 Na5 13. e4 e5 14. Nd2 g6 15. Bd3 Nh5
16. g3 Ng7 17. Rab1 f5 18. f3 Qe7 19. Bc1 h5 20. Nc4 Nxc4 21. bxc4 Rb8 22. a5
bxa5 23. Rxb8 Bxb8 24. exf5 gxf5 25. Re1 h4 26. Be3 Bd7 27. Bf4 Re8 28. Qf2 Bd6
29. gxh4 Qf7 30. Bg5 Qh5 31. Kh1 Kf7 32. Rb1 Rb8 33. Rxb8 Bxb8 34. Be2 Bd6 35.
f4 Qh8 36. Ne4 fxe4 37. fxe5+ Nf5 38. exd6 Qa1+ 39. Kg2 Kg6 40. Qf4 Qe1 41. h5+
Kh7 42. Bg4 Ne3+ 43. Qxe3 Qxe3 44. Bxe3 Bxg4 45. Bxc5 a4 46. Ba3 e3 47. c5 1-0

[Event "European Blitz 2016"]
[Site "Tallinn EST"]
[Date "2016.12.18"]
[Round "24.17"]
[White "Kobalia, Mikhail"]
[Black "Sychev, Klementy"]
[Result "1/2-1/2"]
[WhiteTitle "GM"]
[BlackTitle "IM"]
[WhiteElo "2628"]
[BlackElo "2453"]
[WhiteFideId "4119150"]
[BlackFideId "4114060"]
[EventDate "2016.12.17"]

1. e4 e5 2. Nf3 Nc6 3. Bc4 Nf6 4. d3 Bc5 5. O-O a6 6. a4 d6 7. h3 Ba7 8. Re1 h6
9. Nbd2 O-O 10. Nf1 Re8 11. Be3 Be6 12. Bxe6 Rxe6 13. c3 Bxe3 14. Nxe3 Rb8 15.
b4 Qd7 16. b5 axb5 17. axb5 Ne7 18. Qb3 Ng6 19. g3 Ree8 20. Kh2 Red8 21. c4 Nf8
22. Nd5 N6h7 23. c5 Ne6 24. c6 bxc6 25. bxc6 Rxb3 26. cxd7 Rxd3 27. Nh4 Rxd7 28.
Ra8+ Nhf8 29. Nf5 Kh7 30. Rb1 c6 31. Nde3 g6 32. Nh4 Rd4 33. Rbb8 Kg7 34. Nhf5+
gxf5 35. exf5 Rd2 36. fxe6 Nxe6 37. Rg8+ Kf6 38. Ng4+ Kf5 39. Ra4 Nd4 40. Kg2 h5
41. Nh6+ Ke6 42. Ra5 Rb7 43. Re8+ Kd7 44. Raa8 Ne6 45. Ng8 c5 46. Nf6+ Kc6 47.
Rec8+ Rc7 48. Rcb8 Rb7 49. Rc8+ Rc7 50. Rcb8 Rb7 51. Rc8+ Rc7 1/2-1/2

[Event "European Blitz 2016"]
[Site "Tallinn EST"]
[Date "2016.12.18"]
[Round "24.18"]
[White "Pavlidis, Antonios"]
[Black "Rakhmanov, Aleksandr"]
[Result "1-0"]
[WhiteTitle "GM"]
[BlackTitle "GM"]
[WhiteElo "2532"]
[BlackElo "2667"]
[WhiteFideId "4212312"]
[BlackFideId "4173708"]
[EventDate "2016.12.17"]

1. c4 Nf6 2. Nf3 d6 3. g3 g6 4. Bg2 Bg7 5. O-O O-O 6. Nc3 c6 7. d3 e5 8. Rb1 Re8
9. Bg5 h6 10. Bxf6 Bxf6 11. b4 Bg7 12. b5 c5 13. Nd2 f5 14. Nd5 Kh7 15. a4 Nd7
16. e4 Nf8 17. Nb3 Ne6 18. a5 f4 19. h4 Rf8 20. h5 Qg5 21. hxg6+ Kxg6 22. Kh2
Kh7 23. Bh3 f3 24. Rh1 Bd7 25. Qc1 Qd8 26. Kg1 Kg8 27. b6 Ng5 28. Bxd7 Qxd7 29.
Nd2 Nh3+ 30. Kf1 h5 31. Qd1 Bh6 32. Nxf3 Qg4 33. Ne7+ Kh7 34. Nf5 axb6 35. Rxb6
Rxa5 36. Rxb7+ Kh8 37. Nxh6 Ra1 38. Nxg4 Rxd1+ 39. Kg2 Rxh1 40. Nh6 Rd1 41. Nf7+
Kg8 42. Nh6+ Kh8 43. Nf5 Rxd3 44. N3h4 Rxf5 45. exf5 Ng5 46. f6 Kg8 47. Nf5 Kf8
48. Nh6 Ke8 49. Rg7 Ne6 50. Re7+ Kf8 51. Rxe6 1-0

[Event "European Blitz 2016"]
[Site "Tallinn EST"]
[Date "2016.12.18"]
[Round "24.19"]
[White "Jankovic, Alojzije"]
[Black "Martinovic, Sasa"]
[Result "1/2-1/2"]
[WhiteTitle "GM"]
[BlackTitle "GM"]
[WhiteElo "2591"]
[BlackElo "2550"]
[WhiteFideId "14505959"]
[BlackFideId "14509792"]
[EventDate "2016.12.17"]

1. Nf3 d5 2. d4 Nc6 3. c4 Bg4 4. e3 e6 5. Be2 Nf6 6. O-O Be7 7. b3 O-O 8. Bb2
Ne4 9. Nbd2 f5 10. Rc1 Kh8 11. Ne1 Bxe2 12. Qxe2 a5 13. a3 Bf6 14. Nd3 Qe7 15.
Nf3 g5 16. Rc2 g4 17. Nfe5 Nxe5 18. dxe5 Bg5 19. cxd5 exd5 20. f3 gxf3 21. gxf3
c6 22. fxe4 fxe4 23. e6+ Kg8 24. Nf4 Bxf4 25. exf4 Qxe6 26. f5 Rxf5 27. Kh1 Raf8
28. Rg1+ Kf7 29. Qg4 Ke8 30. Bd4 Kd7 31. b4 axb4 32. axb4 Rf1 33. Qxe6+ Kxe6 34.
b5 cxb5 35. Rb2 Rxg1+ 36. Kxg1 Rf3 37. Rxb5 Rd3 38. Rb4 Kf5 39. Kf2 Kf4 40. Ke2
Rh3 41. Bg1 Ra3 42. Rxb7 Ra2+ 43. Kf1 Ra1+ 44. Kg2 Ra2+ 45. Kh3 Ra3+ 46. Kh4 Kf3
47. Rf7+ Kg2 48. Bd4 Kxh2 49. Rf2+ Kh1 50. Rf5 Kg2 51. Rxd5 Rh3+ 52. Kg4 e3 53.
Re5 Rg3+ 54. Kf4 Rf3+ 55. Kg4 Rg3+ 56. Kf5 Rf3+ 57. Ke6 Kf2 58. Kd5 Ke2 59. Rh5
Kd3 60. Bc5 e2 61. Re5 Rf5 62. Bb4 Rxe5+ 63. Kxe5 Ke3 64. Kf5 Kf2 65. Kg5 e1=Q
66. Bxe1+ Kxe1 67. Kh6 1/2-1/2

[Event "European Blitz 2016"]
[Site "Tallinn EST"]
[Date "2016.12.18"]
[Round "24.20"]
[White "Castellanos Rodriguez, Renier"]
[Black "Grandelius, Nils"]
[Result "0-1"]
[WhiteTitle "IM"]
[BlackTitle "GM"]
[WhiteElo "2491"]
[BlackElo "2643"]
[WhiteFideId "3404650"]
[BlackFideId "1710400"]
[EventDate "2016.12.17"]

1. d4 Nf6 2. Nf3 d5 3. Bf4 e6 4. e3 Bd6 5. Bg3 b6 6. Nbd2 Bb7 7. Bd3 Nbd7 8. Qe2
Ne4 9. O-O a6 10. c4 O-O 11. cxd5 Nxg3 12. hxg3 exd5 13. Rac1 Re8 14. Rc2 Nf6
15. Rfc1 Qe7 16. a3 g6 17. b4 a5 18. b5 a4 19. Ne5 Rec8 20. Nc6 Bxc6 21. Rxc6
Bxa3 22. Ra1 Bd6 23. Nb1 a3 24. Nc3 Kg7 25. Qc2 h5 26. Qb3 Qe6 27. Ne2 Qg4 28.
Nc3 h4 29. Be2 Qg5 30. gxh4 Qxh4 31. Bf3 Qh2+ 32. Kf1 Qh1+ 0-1

[Event "European Blitz 2016"]
[Site "Tallinn EST"]
[Date "2016.12.18"]
[Round "24.21"]
[White "Ionov, Sergey"]
[Black "Onischuk, Vladimir"]
[Result "1/2-1/2"]
[WhiteTitle "GM"]
[BlackTitle "GM"]
[WhiteElo "2535"]
[BlackElo "2601"]
[WhiteFideId "4100875"]
[BlackFideId "14114038"]
[EventDate "2016.12.17"]

1. d4 d6 2. e4 Nf6 3. Bd3 g6 4. Nf3 Bg7 5. O-O O-O 6. c3 Nbd7 7. Re1 e5 8. Bg5
h6 9. Bh4 b6 10. Nbd2 Bb7 11. Qc2 Re8 12. Rad1 Qe7 13. dxe5 dxe5 14. b4 a6 15.
a3 Qf8 16. Bf1 Nh5 17. Nc4 Bc6 18. Nfd2 Nf4 19. f3 h5 20. Ne3 Bf6 21. Bxf6 Nxf6
22. g3 Ne6 23. h4 Qe7 24. Ndc4 Nf8 25. Nd5 Bxd5 26. exd5 N8d7 27. d6 cxd6 28.
Nxd6 Red8 29. Bc4 Kg7 30. Nxf7 Rdc8 31. Bb3 e4 32. Ng5 Qe5 33. Nxe4 Ra7 34. f4
Qf5 35. Nxf6 Qxf6 36. Re6 Rxc3 37. Rxf6 Rxc2 38. Rxg6+ Kxg6 39. Bxc2+ Kf7 40.
Bf5 Nf6 41. Kf2 Rc7 42. Kf3 a5 43. bxa5 bxa5 44. Rd6 Rc3+ 45. Rd3 Rc5 46. Be4
Ke7 47. Bg6 Rc1 48. Re3+ Kf8 49. Rb3 Kg7 50. Bf5 Rc5 51. Bd3 Kf7 52. Ke3 Rc1 53.
Rb1 Rc3 54. Rb7+ Ke8 55. a4 Ra3 56. Kd2 Nd5 57. Bc4 Nb4 58. Bb5+ Kf8 59. Rh7
Rxg3 60. Rxh5 Rg4 61. Rf5+ Kg7 62. h5 Kh6 63. Kc3 Rg3+ 64. Kd4 Nc2+ 65. Kc5 Rc3+
66. Kb6 Nd4 67. Rd5 Nb3 68. Be8 Rc4 69. Rd3 Rb4+ 70. Bb5 Kxh5 71. f5 Kg5 72. Rf3
Kf6 73. Rf2 Rd4 74. Rb2 Rb4 75. Rf2 Rd4 76. Bc6 Rb4+ 77. Kc7 Nc5 78. Bb5 Nxa4
79. Bxa4 Rxa4 80. Kb6 Ra1 81. Kb5 a4 82. Kb4 Re1 83. Kxa4 Re5 1/2-1/2

[Event "European Blitz 2016"]
[Site "Tallinn EST"]
[Date "2016.12.18"]
[Round "24.22"]
[White "Sarana, Alexey"]
[Black "Munoz, Miguel"]
[Result "0-1"]
[WhiteTitle "IM"]
[BlackTitle "GM"]
[WhiteElo "2457"]
[BlackElo "2473"]
[WhiteFideId "24133795"]
[BlackFideId "3800229"]
[EventDate "2016.12.17"]

1. d4 c5 2. d5 Nf6 3. c4 g6 4. Nc3 Bg7 5. e4 O-O 6. Bd3 d6 7. Nf3 e5 8. O-O Ne8
9. a3 h6 10. b4 Na6 11. Rb1 f5 12. Ne1 f4 13. Be2 h5 14. Nd3 b6 15. bxc5 Nxc5
16. Nxc5 bxc5 17. Kh1 Nf6 18. g3 Ng4 19. f3 Nh6 20. Rg1 Kh7 21. Qa4 Bd7 22. Qa6
Nf7 23. Nb5 Bc8 24. Qc6 Bd7 25. Qa6 fxg3 26. Rxg3 Qe7 27. Be3 Bh6 28. Bxh6 Kxh6
29. Rbg1 Rg8 30. Nc7 Rac8 31. Qxa7 h4 32. R3g2 Bh3 33. Nb5 Bxg2+ 34. Kxg2 Qf6
35. Qd7 Rce8 36. Qg4 Re7 37. Kf2 g5 38. a4 Ra8 39. Ra1 Ra5 40. Ke3 Kg6 41. Kd3
Nh6 42. Qc8 Rf7 43. Qc6 Qf4 44. Nxd6 Rf6 45. Qe8+ Kh7 46. Qe7+ Kg6 47. Ne8 Rf7
48. Qe6+ Kh7 49. d6 Raa7 50. Rb1 g4 51. fxg4 Rxa4 52. g5 Ra3+ 53. Kc2 Qxg5 54.
d7 Qe3 55. d8=Q Qxe2+ 56. Qd2 Ra2+ 57. Rb2 Rxb2+ 58. Kxb2 Qxd2+ 59. Ka3 Qb4+ 60.
Ka2 Ra7+ 0-1

[Event "European Blitz 2016"]
[Site "Tallinn EST"]
[Date "2016.12.18"]
[Round "24.23"]
[White "Zorko, Jure"]
[Black "Zakhartsov, Vladimir"]
[Result "1-0"]
[WhiteTitle "IM"]
[BlackTitle "IM"]
[WhiteElo "2454"]
[BlackElo "2453"]
[WhiteFideId "14604051"]
[BlackFideId "4145097"]
[EventDate "2016.12.17"]

1. d4 Nf6 2. Nf3 e6 3. e3 c5 4. Bd3 d5 5. b3 b6 6. Bb2 Be7 7. O-O O-O 8. Nbd2
Bb7 9. Ne5 Nbd7 10. f4 Ne4 11. Nxe4 dxe4 12. Be2 cxd4 13. Nxd7 Qxd7 14. Qxd4
Qxd4 15. Bxd4 Rac8 16. c4 Rfd8 17. Rfd1 f6 18. Kf2 Kf7 19. Bc3 h6 20. Bd4 f5 21.
Be5 Bf6 22. Rxd8 Rxd8 23. Bxf6 Kxf6 24. Rd1 Rxd1 25. Bxd1 e5 26. g3 g5 27. h4
Bc6 28. b4 Be8 29. hxg5+ hxg5 30. c5 bxc5 31. bxc5 Bf7 32. a3 Bd5 33. Ba4 exf4
34. exf4 gxf4 35. gxf4 Ke6 36. Ke3 Bb7 37. Kd4 a5 38. Bb3+ Kf6 39. Ba4 Ke6 40.
Bb5 Kf6 41. Bd7 Ke7 42. Bxf5 e3 43. Kxe3 Kf6 44. Be4 Bc8 45. Kd4 Ke7 46. Ke5 1-0